Discurso pronunciados en actuaciones cívicas conmemorativas : (Record no. 15320)

000 -CABECERA
fixed length control field 01181nam a22002417a 4500
003 - IDENTIFICADOR DEL NÚMERO DE CONTROL
control field AR-CdUCM
008 - DATOS DE LONGITUD FIJA--INFORMACIÓN GENERAL
fixed length control field 190322b ||||| |||| 00| 0 spa d
040 ## - FUENTE DE LA CATALOGACIÓN
Agencia/entidad que catalogó originalmente la obra MUNICIPALIDAD PROVINCIAL DEL CUSCO
Entidad que transcribió la catalogación BIBLIOTECA MUNICIPAL DEL CUSCO
082 ## - NÚMERO DE LA CLASIFICACIÓN DECIMAL DEWEY
No. de Clasificación 985.008 /
Notacion interna C73
100 ## - ENTRADA PRINCIPAL--NOMBRE DE PERSONA
Nombre Personal Publicaciones de la Comisión nacional del Sesquicentenario de la Independencia del Perú
245 ## - MENCIÓN DE TÍTULO
Título Discurso pronunciados en actuaciones cívicas conmemorativas :
Resto del título 1. Etapa SanMartiniana /
260 ## - PUBLICACIÓN, DISTRIBUCIÓN, ETC.
Lugar de publicación, distribución, etc. Lima :
Nombre de la editorial, distribuidor, etc. Comisión nacional del Sesquicentenario de la Independencia del Perú,
Fecha de publicación, distribución, etc. 1972.
300 ## - DESCRIPCIÓN FÍSICA
Nº de Páginas Extensión 624 páginas ;
Dimensiones 24 cm.
440 ## - MENCIÓN DE SERIE/PUNTO DE ACCESO ADICIONAL--TÍTULO
Título Colección documental de la Independencia del Perú.
9 (RLIN) 23187
505 ## - NOTA DE CONTENIDO CON FORMATO
Nota de contenido formateada Ceremonia de instalación de la comisión nacional del sesquicentenario de la independencia del Perú realizada en el salón de sesiones de la municipalidad de Lima -- Ceremonias en Ica, Nazca, Changuillo ...
650 ## - PUNTO DE ACCESO ADICIONAL DE MATERIA--TÉRMINO DE MATERIA
Descriptor Cortes
9 (RLIN) 23188
650 ## - PUNTO DE ACCESO ADICIONAL DE MATERIA--TÉRMINO DE MATERIA
Descriptor Intervenciones
9 (RLIN) 23189
650 ## - PUNTO DE ACCESO ADICIONAL DE MATERIA--TÉRMINO DE MATERIA
Descriptor independencia
9 (RLIN) 625
650 ## - PUNTO DE ACCESO ADICIONAL DE MATERIA--TÉRMINO DE MATERIA
Descriptor Colección
9 (RLIN) 2826
700 ## - PUNTO DE ACCESO ADICIONAL--NOMBRE DE PERSONA
Nombre Personal Durand Flórez, Guillermo (investigación, recopilación y prólogo)
9 (RLIN) 23190
942 ## - ELEMENTOS DE PUNTO DE ACCESO ADICIONAL (KOHA)
Fuente de clasificación
Tipo de item Libros-BMC
945 ## - PROCESAMIENTO DE INFORMACIÓN LOCAL (OCLC)
Catalogador wfj
Holdings
Estado de retiro (separado) Fuente de clasificación o esquema de estanterías Estado dañado Ubicación Sala donde se ubica Nombre de la colección Fecha de adquisición o compra Costo, precio normal en soles Signatura topográfica Código de Barras Última vez visto (Koha) Tipo de ítem (Koha)
No     Sala Cusco Antiguo Sala Cusco Antiguo Book Cart 2019-04-26 80.00 985.008 / C73 SCA0003426 2019-04-26 Libros-BMC

Powered by Koha